| 000 | 00831nam a2200229 a 4500 | ||
|---|---|---|---|
| 003 | PILC | ||
| 005 | 20150112093427.0 | ||
| 008 | 100719s19uu xx 00 eng d | ||
| 020 | _a9780866121897 | ||
| 050 |
_aHF 5686.H75 _b.Sch348 1999 |
||
| 082 |
_aASF 657.1838 _bSch5 1999 |
||
| 100 |
_aSchmidgall, Raymond S. _93726 |
||
| 245 |
_aHospitality industry financial accounting. _cSchmidgall, Raymond S.; Damitio, James W. |
||
| 250 | _a2nd. ed. | ||
| 260 |
_aLansing, Michigan : _bEducational Institute of the American Hotel and Lodging Association, _c1999. |
||
| 300 |
_a561 pages : _billustration ; _c23 cm. |
||
| 500 | _aIncludes bibliographical references and index. | ||
| 650 |
_aHospitality industry - _xAccounting _94155 |
||
| 650 |
_aFinancial Accounting _93437 |
||
| 700 |
_aDamitio, James W. _93728 |
||
| 942 |
_2lcc _cBK |
||
| 999 |
_c14233 _d14233 |
||